00222pam a2200097 a 4500020000500000041000800005100001900013245005000032260003200082300001000114 c aeng aBurnham James. aThe Managerial RevelutionshTextual Documents aNew YorkbPenguin Books Ltd a238p.